Fusion of neural networks, fuzzy sets, and genetic algorithms : industrial applications
Αποθηκεύτηκε σε:
| Άλλοι συγγραφείς: | , |
|---|---|
| Μορφή: | Βιβλίο |
| Γλώσσα: | English |
| Δημοσίευση: |
Boca Raton :
CRC press,
1999
|
| Σειρά: | CRC Press international series on computational intelligence
|
| Θέματα: | |
| Ετικέτες: |
Προσθήκη ετικέτας
Δεν υπάρχουν, Καταχωρήστε ετικέτα πρώτοι!
|
MARC
| LEADER | 00000nam a2200000 i 4500 | ||
|---|---|---|---|
| 001 | 1/105100 | ||
| 008 | 000406s1999 eng d | ||
| 020 | |a 0-8493-9804-5 | ||
| 035 | |l 10059106 | ||
| 040 | |a GR-MY-UA |b gre |e aacr | ||
| 041 | 0 | |a eng | |
| 082 | 0 | |a 006.32 |2 (22) | |
| 245 | 1 | 0 | |a Fusion of neural networks, fuzzy sets, and genetic algorithms : |b industrial applications / |c edited by Lakhmi C. Jain, N. M. Martin |
| 246 | 3 | 3 | |a Fusion of neural networks, fuzzy systems, and genetic algorithms |
| 260 | |a Boca Raton : |b CRC press, |c 1999 | ||
| 300 | |a 354 p.; |b ill.; |c 25 cm. | ||
| 490 | 1 | |a CRC press international series on computational intelligence | |
| 500 | |a Το Παράρτημα Μυτιλήνης διαθέτει την έκδοση του 1998 | ||
| 504 | |a Includes bibliographical references and index | ||
| 650 | 0 | 0 | |a Neural networks (Computer science) |
| 650 | 0 | 0 | |a Fuzzy sets. |
| 650 | 0 | 0 | |a Genetic algorithms. |
| 700 | 1 | |a Jain, L. C. |4 edt | |
| 700 | 1 | |a Martin, N. M. |4 edt | |
| 830 | 0 | |a CRC Press international series on computational intelligence | |
| 852 | |a INST |b LESVOS |e 20070709 |h 006.32 FUS |p 005100037831 |q 005100037831 |t BK |y 0 | ||
| 852 | |a INST |b SAMOS |e 20000406 |h 006.32 FUS |p 005300017896 |q 005300017896 |t BK |y 0 | ||
| 901 | |a BIBL3-2000-1 | ||
| 901 | |a BIBL1-2007-2 | ||
| 909 | |a Σ |b 076637 | ||
| 909 | |a Λ |b 135602 | ||
| 922 | |a 3ΕΛΗ |b 200003 |c ΤΠΕΣ |d ΠΑΠΑΣΩΤΗΡΙΟΥ | ||
| 922 | |a 1ΕΛΗ |b 200706 |c ΕΠΕΑΕΚ2/ΤΓ |d ΠΑΠΑΣΩΤΗΡΙΟΥ | ||
| 950 | |a 133-1999-07-20 | ||
| 970 | |a ΓΕΝΟΥΖΟΥ |b ΧΡΥΣΑΝΘΗ |z 2000/04/06 | ||